Countries whose flags are same upside down as correct way - Statistics

General Stats
  • This quiz has been taken 249 times
    231 since last reset
  • The average score is 5 of 12
Answer Stats
Answer % Correct
Japan
81%
Austria
61%
Nigeria
48%
Switzerland
48%
Latvia
45%
Thailand
42%
Jamaica
28%
Laos
27%
Georgia
23%
Botswana
19%
Micronesia
17%
Macedonia
16%
No matching quizzes found
Score Distribution
Percent of People with Each Score
Percentile by Number Answered
Your Score History
You have not taken this quiz since the last reset